Logo BPK

Biblioteka

Politechniki Koszalińskiej

Angielski szlif : (Rekord nr 40409)

Szczegóły MARC
000 -ETYKIETA REKORDU
podpole kontrolne o stałej długości 01116nam a2200289 i 4500
001 - NUMER KONTROLNY REKORDU
pole kontrolne bg
020 ## - MIĘDZYNARODOWY ZNORMALIZOWANY NUMER KSIĄŻKI - ISBN
ISBN 8323113386
040 ## - ŹRÓDŁO KATALOGOWANIA
Instytucja, która utworzyła rekord BPK
041 0# - KOD JĘZYKA
Kod języka tekstu pl
Kod języka streszczenia lub abstraktu en
080 ## - UNIWERSALNA KLASYFIKACJA DZIESIĘTNA - UKD
UKD 94(438).082.3:355.33/.34:355.48(410+450+6):929-051(438)A/Z
920 ## - Międzynarodowy znormalizowany numer książki – ISBN
ISBN 83-231-1338-6
008 - POLE O STAŁEJ DŁUGOŚCI - DANE KONTROLNE
podpole kontrolne o stałej długości s pl f |000 0 pol
100 1# - NAZWA OSOBOWA
Nazwa osobowa DRZEWIENIECKI, Włodzimierz Marian
Daty związane z nazwą (1914- )
245 10 - TYTUŁ/ODPOWIEDZIALNOŚĆ
Tytuł Angielski szlif :
Ciąg dalszy tytułu wspomnienie oficera sztabu 2. korpusu /
Pozostałe elementy strefy tytułu i oznaczenia odpowiedzialności Włodzimierz Drzewieniecki.
260 ## - STREFA ADRESU WYDAWNICZEGO
Miejsce wydania Buffalo, N.Y. :
Nazwa wydawcy/dystrybutora The Polish Cultural Foundation ;
Miejsce wydania Toruń :
Nazwa wydawcy/dystrybutora Biblioteka Uniwersytecka,
Data publikacji, dystrybucji/powstania dokumentu 2001.
300 ## - STREFA OPISU FIZYCZNEGO
Objętość 124, [3] s., [24] s. tabl. (w tym kolor.) :
Inne cechy fizyczne il. ;
Rozmiary 22 cm.
500 ## - UWAGI OGÓLNE
Tekst uwagi Streszcz. ang.
504 ## - UWAGA DOTYCZĄCA BIBLIOGRAFII
Informacje o bibliografii Indeks.
600 19 - HASŁO PRZEDMIOTOWE W FORMIE NAZWY OSOBOWEJ
Nazwa osobowa Drzewieniecki, Włodzimierz Marian (1914- )
650 #9 - HASŁO PRZEDMIOTOWE W FORMIE NAZWY OGÓLNEJ LUB JEDNOSTKOWEJ
Nazwa ogólna lub geograficzna Pamiętniki polskie
Określnik chronologiczny 1939-1945 r.
650 #9 - HASŁO PRZEDMIOTOWE W FORMIE NAZWY OGÓLNEJ LUB JEDNOSTKOWEJ
Nazwa ogólna lub geograficzna Wojna 1939-1945 r.
Określnik ogólny jednostki wojskowe
Określnik geograficzny Polska
650 #9 - HASŁO PRZEDMIOTOWE W FORMIE NAZWY OGÓLNEJ LUB JEDNOSTKOWEJ
Nazwa ogólna lub geograficzna Wojna 1939-1945 r.
Określnik ogólny udział Polaków
Określnik geograficzny Afryka
650 #9 - HASŁO PRZEDMIOTOWE W FORMIE NAZWY OGÓLNEJ LUB JEDNOSTKOWEJ
Nazwa ogólna lub geograficzna Wojna 1939-1945 r.
Określnik ogólny udział Polaków
Określnik geograficzny Wielka Brytania
650 #9 - HASŁO PRZEDMIOTOWE W FORMIE NAZWY OGÓLNEJ LUB JEDNOSTKOWEJ
Nazwa ogólna lub geograficzna Wojna 1939-1945 r.
Określnik ogólny udział Polaków
Określnik geograficzny Włochy
655 ## - TERMIN INDEKSOWY - OKREŚLENIE RODZAJU/FORMY DOKUMENTU
Określenie rodzaju/formy dokumentu Pamiętniki
856 ## - LOKALIZACJA I DOSTĘP DO ELEKTRONICZNYCH DOKUMENTÓW ZDALNYCH
Link (URL) http://koha.tu.koszalin.pl/cgi-bin/koha/opac-detail.pl?biblionumber=40409
Tekst linku Katalog online BPK
942 ## - DODATKOWE ELEMENTY (KOHA)
Typ dokumentu Książka
Egzemplarze
Wycofany Status egzemplarza Uszkodzony Dostępność Lokalizacja stała Lokalizacja bieżąca Miejsce przechowywania Sygnatura Kod kreskowy Typ dokumentu
      Dostępny Biblioteka Politechniki Koszalińskiej Biblioteka Politechniki Koszalińskiej Wypożyczalnia BG 61158 01636055 Książka
© 2023 Biblioteka Politechniki Koszalińskiej :: KOHA